• 首页
  • 本馆介绍
  • 公告通知
  • 最新文献
  • 馆藏检索
  • 电子资源
  • 读者导购
  • 参考咨询
  • 我的图书馆
  • 登录
  • 详细信息显示
  • 放入我的书架
  • 预约/预借图书
  • 作者相关作品
  • 分类相关作品
  • 丛书相关作品
  • 出版社相关作品

书目信息

  • 表格格式
  • 工作单格式
  • 卡片格式
题名:
园林植物遗传育种
    
 
作者: 李淑芹 主编
分册:  
出版信息: 重庆   重庆大学出版社  2006
页数: 217页
开本: 26cm
丛书名:
单 册:
中图分类: S680.32 , S68
科图分类:
主题词: 园林植物--遗传育种--高等教育--教材 , 园林植物 , 遗传育种
电子资源:
ISBN: 7-5624-3592-8
000 00873nam0 2200265 450
001 1562126818
005 20150131171600.70
010    @a7-5624-3592-8@dCNY19.00
100    @a20060104d2006 em y0chiy50 ea
101 0  @achi
102    @aCN@b500000
105    @aa z 000yy
200 1  @a园林植物遗传育种@9yuan lin zhi wu yi chuan yu zhong@f李淑芹主编
210    @a重庆@c重庆大学出版社@d2006
215    @a217页@c图@d26cm
300    @a高等职业教育园林类专业系列教材
330    @a本书内容包括绪论、园林植物的细胞学基础、遗传物质的分子基础、遗传的基本规律、园林植物种质资源、园林植物引种、宿根花卉育种、球根花卉育种等。
606 0  @a园林植物@x遗传育种@x高等教育@j教材
606 0  @a园林植物
606 0  @a遗传育种
690    @aS680.32@v5
690    @aS68@v4
701  0 @a李淑芹@9li shu qin@c(林业)@4主编
801  0 @aCN@bTSSF@c20150131
905    @aZUCC@dS68@eJY44
    
    园林植物遗传育种/李淑芹主编.-重庆:重庆大学出版社,2006
    217页:图;26cm
    高等职业教育园林类专业系列教材
    
    ISBN 7-5624-3592-8:CNY19.00
    本书内容包括绪论、园林植物的细胞学基础、遗传物质的分子基础、遗传的基本规律、园林植物种质资源、园林植物引种、宿根花卉育种、球根花卉育种等。
●
相关链接 在E读中查询图书 在五车中查询图书 在当当中查询图书 在豆瓣中查询图书


正题名:园林植物遗传育种     索取号:S68/JY44         预约/预借

序号 登录号 条形码 馆藏地/架位号 状态 备注
1 7861839   278618391   学院路分馆/ [索取号:S68/JY44] 在馆    
2 7861840   278618408   学院路分馆/ [索取号:S68/JY44] 在馆    
唐山师范学院图书馆 欢迎您!
大连网信软件有限公司© 版权所有